[Event "World Rapid 2022"]
[Site "Almaty KAZ"]
[Date "2022.12.27"]
[Round "8.47"]
[White "Demchenko, Anton"]
[Black "Aleksandrov, Aleksej"]
[Result "1-0"]
[WhiteTitle "GM"]
[BlackTitle "GM"]
[WhiteElo "2632"]
[BlackElo "2495"]
[WhiteFideId "4160258"]
[BlackFideId "13500139"]
[EventDate "2022.12.26"]

1. e4 e5 2. Nf3 Nc6 3. Bc4 Bc5 4. d3 h6 5. Be3 Bxe3 6. fxe3 d6 7. a4 Nf6 8. Nc3
O-O 9. Qe2 Nb4 10. O-O c6 11. Bb3 Nd7 12. d4 b6 13. Rfd1 Ba6 14. Qf2 Qf6 15. a5
b5 16. Qg3 Kh7 17. Rf1 Qg6 18. Qe1 Rad8 19. h3 exd4 20. exd4 d5 21. exd5 cxd5
22. Qd2 Qd6 23. Nh4 g6 24. Rae1 Nf6 25. Re3 Kg7 26. Qf2 Ng8 27. Re5 Qc6 28. Ne2
Qc7 29. Nf4 Nc6 30. Nhxg6 Nxe5 31. Nxe5 Kh8 32. Nxd5 Qxa5 33. Nc6 Rxd5 34. Nxa5
Rg5 35. Nc6 Bb7 36. d5 a6 37. Qd4+ f6 38. Re1 Rf7 39. Nd8 Rfg7 40. Re2 Bc8 41.
Ne6 Bxe6 42. dxe6 Ne7 43. Qxf6 1-0

[Event "World Rapid 2022"]
[Site "Almaty KAZ"]
[Date "2022.12.27"]
[Round "8.48"]
[White "Tari, Aryan"]
[Black "Le, Tuan Minh"]
[Result "0-1"]
[WhiteTitle "GM"]
[BlackTitle "GM"]
[WhiteElo "2659"]
[BlackElo "2542"]
[WhiteFideId "1510045"]
[BlackFideId "12401153"]
[EventDate "2022.12.26"]

1. e4 c5 2. Nf3 Nf6 3. e5 Nd5 4. g3 Nc6 5. Bg2 d6 6. exd6 Qxd6 7. O-O Bg4 8. h3
Bh5 9. d4 Bxf3 10. Qxf3 e6 11. dxc5 Qxc5 12. Na3 Be7 13. c4 Nb6 14. Nb5 O-O 15.
b3 Qe5 16. Bf4 Qb2 17. Rfb1 Qf6 18. Rd1 Rfd8 19. Be3 Qb2 20. Rdb1 Qe5 21. Nxa7
Nxa7 22. Bxb6 Rd7 23. Rd1 Nc6 24. Rxd7 Qxa1+ 25. Kh2 Qxa2 26. Rxb7 Ne5 27. Qe4
Bf6 28. Be3 Rc8 29. c5 h5 30. b4 h4 31. Bf4 Ng6 32. Be3 hxg3+ 33. fxg3 Be5 34.
Qf3 Rf8 35. c6 f5 36. Bg5 f4 37. g4 Bd6 38. Rb5 Ne5 39. Rxe5 Bxe5 40. Be7 Re8
41. Bc5 Rd8 42. Bf2 Qc4 43. Qe4 Qxe4 44. Bxe4 f3+ 0-1

[Event "World Rapid 2022"]
[Site "Almaty KAZ"]
[Date "2022.12.27"]
[Round "8.49"]
[White "Sanal, Vahap"]
[Black "Khusenkhojaev, Mustafokhuja"]
[Result "1-0"]
[WhiteTitle "GM"]
[WhiteElo "2597"]
[BlackElo "2265"]
[WhiteFideId "6300545"]
[BlackFideId "14700727"]
[EventDate "2022.12.26"]

1. e4 e5 2. Nc3 Nf6 3. Bc4 Nc6 4. d3 Bc5 5. h3 d6 6. Nge2 Be6 7. Bxe6 fxe6 8.
Na4 Bb6 9. Nxb6 axb6 10. Ng3 O-O 11. O-O Qd7 12. c3 d5 13. Qe2 d4 14. c4 Rf7 15.
Bd2 Raf8 16. f4 exf4 17. Bxf4 e5 18. Bd2 Ne8 19. Rxf7 Rxf7 20. Nf5 Nd6 21. g4
Nxf5 22. exf5 Qe7 23. Qe4 Qh4 24. Kg2 g6 25. Rf1 h5 26. f6 Kh7 27. Qd5 Kg8 28.
Qe6 e4 29. Qe8+ 1-0

[Event "World Rapid 2022"]
[Site "Almaty KAZ"]
[Date "2022.12.27"]
[Round "8.50"]
[White "Yudin, Sergei"]
[Black "Urazayev, Arystanbek"]
[Result "1-0"]
[WhiteTitle "GM"]
[BlackTitle "IM"]
[WhiteElo "2469"]
[BlackElo "2465"]
[WhiteFideId "4159659"]
[BlackFideId "13709810"]
[EventDate "2022.12.26"]

1. e4 c5 2. Nf3 e6 3. c3 Nf6 4. e5 Nd5 5. g3 d6 6. exd6 Bxd6 7. Bg2 O-O 8. O-O
Nc6 9. d4 Nf6 10. dxc5 Bxc5 11. Qe2 e5 12. Rd1 Qe7 13. Bg5 e4 14. Bxf6 Qxf6 15.
Qxe4 Bf5 16. Qh4 Qg6 17. Nbd2 Rad8 18. Nb3 Bb6 19. Nbd4 h6 20. Qf4 Bd7 21. Nxc6
Bxc6 22. Rxd8 Rxd8 23. Ne5 Qe6 24. Bxc6 bxc6 25. Re1 Bc7 26. Qc4 Rd5 27. Nf3 Qf6
28. Kg2 Rd8 29. Re2 Bb6 30. Ne5 c5 31. Qe4 Bc7 32. Nc6 Rf8 33. Ne7+ Kh8 34. Nd5
Qc6 35. c4 Bd8 36. b3 Bf6 37. Qf3 Bd4 38. Re7 f5 39. Nf4 Qxf3+ 40. Kxf3 Ra8 41.
Rf7 a5 42. Rxf5 a4 43. Ne6 Bf6 44. Rxc5 a3 45. Ke4 Re8 46. Kd5 Kh7 47. Ra5 Bb2
48. c5 Kg6 49. c6 Kf6 50. c7 Ke7 51. Rb5 1-0

[Event "World Rapid 2022"]
[Site "Almaty KAZ"]
[Date "2022.12.27"]
[Round "8.51"]
[White "Kobalia, Mikhail"]
[Black "Sapenov, Daniyal"]
[Result "1-0"]
[WhiteTitle "GM"]
[BlackTitle "FM"]
[WhiteElo "2577"]
[BlackElo "2323"]
[WhiteFideId "4119150"]
[BlackFideId "13728911"]
[EventDate "2022.12.26"]

1. e4 e5 2. Nf3 Nc6 3. Bb5 a6 4. Ba4 Nf6 5. O-O b5 6. Bb3 Bc5 7. a4 Rb8 8. c3 d6
9. d4 Bb6 10. axb5 axb5 11. Qd3 O-O 12. Bg5 h6 13. Bxf6 Qxf6 14. Qxb5 Bd7 15.
Bd5 Bc5 16. Qa4 Nxd4 17. Qxd7 Nxf3+ 18. gxf3 Rxb2 19. Qg4 Rfb8 20. Na3 c6 21.
Bxc6 R8b3 22. Nc4 Rc2 23. Ba4 Rcxc3 24. Bxb3 Rxf3 25. Ne3 1-0

[Event "World Rapid 2022"]
[Site "Almaty KAZ"]
[Date "2022.12.27"]
[Round "8.52"]
[White "Gharibyan, Mamikon"]
[Black "Jumabayev, Rinat"]
[Result "1-0"]
[WhiteTitle "IM"]
[BlackTitle "GM"]
[WhiteElo "2480"]
[BlackElo "2609"]
[WhiteFideId "13308300"]
[BlackFideId "13702661"]
[EventDate "2022.12.26"]

1. d4 e6 2. c4 d5 3. Nc3 Nf6 4. cxd5 exd5 5. Bg5 c6 6. e3 h6 7. Bh4 Bd6 8. Bd3
O-O 9. Qc2 Re8 10. Nge2 a5 11. h3 Na6 12. a3 Nc7 13. g4 b5 14. g5 hxg5 15. Bxg5
Ne6 16. h4 Ba6 17. Rg1 Kf8 18. Kf1 b4 19. Bxa6 bxc3 20. Bd3 cxb2 21. Qxb2 Nxg5
22. hxg5 Ne4 23. Bxe4 Rxe4 24. Qc2 Qd7 25. Rh1 Ke7 26. Rb1 Rc8 27. Rb6 g6 28.
Rh7 Bxa3 29. Nf4 Bd6 30. Nxg6+ Kd8 31. Nh8 Re7 32. Qd3 Bb4 33. Rh6 Re6 34. g6
fxg6 35. Nxg6 Qg7 36. Rh8+ Re8 37. Rxe8+ Kxe8 38. Ne5 Qf6 39. Qh7 Be7 40. Rb7 1-0

[Event "World Rapid 2022"]
[Site "Almaty KAZ"]
[Date "2022.12.27"]
[Round "8.53"]
[White "Tologon tegin, Semetei"]
[Black "Pantsulaia, Levan"]
[Result "1-0"]
[WhiteTitle "IM"]
[BlackTitle "GM"]
[WhiteElo "2394"]
[BlackElo "2597"]
[WhiteFideId "13800574"]
[BlackFideId "13602071"]
[EventDate "2022.12.26"]

1. e4 c5 2. Nf3 e6 3. d4 cxd4 4. Nxd4 a6 5. Nc3 b5 6. Bd3 Bb7 7. O-O Nc6 8. Nxc6
Bxc6 9. Re1 Qb8 10. a4 b4 11. Nd5 Bd6 12. h3 Ne7 13. Nxe7 Bxe7 14. e5 O-O 15.
Qh5 g6 16. Qg4 Kg7 17. h4 h5 18. Qg3 a5 19. Bg5 Qd8 20. b3 Rc8 21. Rad1 Bd5 22.
Rd2 Rc5 23. Qf4 Bxg5 24. hxg5 Qe7 25. Re3 Bc6 26. Bc4 Rc8 27. Rd4 d5 28. Bd3 Bb7
29. Qh4 R5c6 30. Rf3 Ba6 31. Rdf4 Bxd3 32. cxd3 Rc1+ 33. Kh2 R1c7 34. Rf6 Qc5
35. Qf4 Rf8 36. d4 Qe7 37. Qd2 Qd8 38. Qd3 Rc3 39. Qd2 Qc7 40. Qf4 Rxf3 41. Qxf3
Qc1 42. Rf4 Qc7 43. Rh4 Qe7 44. Qf4 Rc8 45. Rh3 Rc3 46. g4 hxg4 47. Qxg4 Qc7 48.
Rh6 Rxb3 49. Qh4 Qc1 50. Rh8 1-0

[Event "World Rapid 2022"]
[Site "Almaty KAZ"]
[Date "2022.12.27"]
[Round "8.54"]
[White "Matlakov, Maxim"]
[Black "Alonso Rosell, Alvar"]
[Result "1-0"]
[WhiteTitle "GM"]
[BlackTitle "GM"]
[WhiteElo "2662"]
[BlackElo "2561"]
[WhiteFideId "4168003"]
[BlackFideId "2270544"]
[EventDate "2022.12.26"]

1. d4 Nf6 2. c4 e6 3. Nc3 Bb4 4. e3 O-O 5. a3 Bxc3+ 6. bxc3 c5 7. Bd3 Nc6 8. Nf3
d6 9. e4 e5 10. h3 cxd4 11. cxd4 exd4 12. O-O Nd7 13. Bb2 Nde5 14. Nxd4 Nxd4 15.
Bxd4 Be6 16. Bc2 Bxc4 17. Re1 Re8 18. Re3 Ng6 19. Rg3 Bb5 20. h4 Ne5 21. h5 Qh4
22. Be3 Qf6 23. Bg5 Qe6 24. f4 Nc6 25. Bb3 Bc4 26. Bc2 b5 27. e5 dxe5 28. f5 Qd5
29. Bf6 g6 30. hxg6 fxg6 31. Qh5 Qd4+ 32. Kh2 Kf7 33. Qxh7+ Kxf6 1-0

[Event "World Rapid 2022"]
[Site "Almaty KAZ"]
[Date "2022.12.27"]
[Round "8.55"]
[White "Hovhannisyan, Robert"]
[Black "Makarian, Rudik"]
[Result "1-0"]
[WhiteTitle "GM"]
[BlackTitle "IM"]
[WhiteElo "2597"]
[BlackElo "2554"]
[WhiteFideId "13302507"]
[BlackFideId "44105681"]
[EventDate "2022.12.26"]

1. e4 e5 2. Nf3 Nc6 3. Bb5 a6 4. Ba4 Bc5 5. c3 Nge7 6. d4 exd4 7. cxd4 Bb4+ 8.
Bd2 Bxd2+ 9. Qxd2 d5 10. exd5 Qxd5 11. Nc3 Qe6+ 12. Qe3 O-O 13. O-O Qd6 14. Bxc6
Nxc6 15. d5 Ne7 16. Rad1 Bf5 17. Rfe1 Rfe8 18. h3 Kf8 19. Nd4 Bg6 20. Qf3 Kg8
21. Re3 Qf6 22. Qxf6 gxf6 23. Rde1 Kf8 24. f3 Nf5 25. Nxf5 Bxf5 26. Rxe8+ Rxe8
27. Rxe8+ Kxe8 28. Kf2 Bc2 29. Ke3 Ke7 30. Kd4 b6 31. h4 Kd6 32. Ne4+ Ke7 33.
Nd2 Kd7 34. Nc4 Bd1 35. d6 Be2 36. dxc7 Bxc4 37. Kxc4 Kxc7 38. Kd5 Kd7 39. b4
Kc7 40. a4 Kd7 41. a5 Kc7 42. g4 bxa5 43. bxa5 Kd7 44. Kc5 Kc7 45. h5 h6 46. f4
f5 47. g5 hxg5 48. h6 1-0

[Event "World Rapid 2022"]
[Site "Almaty KAZ"]
[Date "2022.12.27"]
[Round "8.56"]
[White "Narayanan, S.L."]
[Black "Hambleton, Aman"]
[Result "1/2-1/2"]
[WhiteTitle "GM"]
[BlackTitle "GM"]
[WhiteElo "2669"]
[BlackElo "2437"]
[WhiteFideId "5058422"]
[BlackFideId "2606577"]
[EventDate "2022.12.26"]

1. d4 Nf6 2. c4 e6 3. Nc3 Bb4 4. e3 O-O 5. Bd3 c5 6. Ne2 d5 7. a3 dxc4 8. Bxc4
Bxc3+ 9. bxc3 Nc6 10. O-O e5 11. a4 cxd4 12. cxd4 exd4 13. Nxd4 Nxd4 14. exd4
Be6 15. Bxe6 fxe6 16. Bf4 Nd5 17. Be5 Rc8 18. Qg4 Qd7 19. Rfe1 Qf7 20. Bg3 Qf5
21. Qe2 Rfe8 22. h3 h6 23. Qb5 Qf7 24. Ra3 Rc3 25. Rxc3 Nxc3 26. Qa5 Rc8 27.
Qxa7 Qd7 28. Qb6 Rc6 29. Qb3 Nd5 30. a5 Ra6 31. Rb1 b6 32. axb6 Rxb6 33. Qc2
Rxb1+ 34. Qxb1 Qf7 35. Be5 Ne7 36. Qb8+ Kh7 37. Qc7 Kg8 38. f3 Nd5 39. Qxf7+
Kxf7 40. Kf2 Ne7 41. g4 g6 42. Bf4 Kg7 43. Ke3 Nd5+ 44. Ke4 h5 45. Bg5 Kf7 46.
Kd3 Nb4+ 47. Ke3 Nc2+ 48. Ke4 Nb4 49. Bd2 Nd5 50. Kd3 Kf6 51. Ke4 Kf7 52. Bg5
Nb4 53. Bd8 Nd5 54. Ke5 Nb4 55. Kf4 Nc6 56. Bb6 Kf6 57. Bc5 Na5 58. Bd6 g5+ 59.
Ke4 hxg4 60. fxg4 Nc4 61. Be5+ Kf7 62. Bc7 Kf6 63. Kd3 Nb2+ 64. Kc2 Nc4 65. Bd8+
Kg6 66. Kd3 Nb2+ 67. Ke4 Nc4 68. Be7 Nd2+ 69. Ke3 Nc4+ 70. Kd3 Nb6 71. Bc5 Nd5
72. Bd6 Kf7 73. Be5 Ne7 74. Bg3 Nd5 75. Ke4 Nf6+ 76. Kf3 Nd5 77. Be1 Kf6 78. Ba5
Ke7 79. Be1 Kf6 80. Bd2 Ne7 81. Ke4 Nd5 82. Ba5 Ke7 83. Ke5 Nf4 84. Bd2 Ng6+ 85.
Ke4 Kf6 86. Ba5 Ke7 87. Bc7 Nf8 88. d5 exd5+ 89. Kxd5 Ne6 90. Bd6+ Kf6 91. Be5+
Kf7 92. Ke4 Kg6 93. Bd6 Kf6 94. Bb4 Nc7 95. Bd6 Ne6 96. Kd5 Kf7 97. Be5 Nf8 98.
Bc3 Ne6 99. Bd2 Kf6 100. Be3 Nc7+ 101. Kd6 Ne6 102. Bc1 Nf4 103. h4 gxh4 104.
Bxf4 h3 105. Kd5 h2 106. Bxh2 Kg5 1/2-1/2

[Event "World Rapid 2022"]
[Site "Almaty KAZ"]
[Date "2022.12.27"]
[Round "8.57"]
[White "Dragnev, Valentin"]
[Black "Adly, Ahmed"]
[Result "0-1"]
[WhiteTitle "GM"]
[BlackTitle "GM"]
[WhiteElo "2556"]
[BlackElo "2596"]
[WhiteFideId "1634852"]
[BlackFideId "10601619"]
[EventDate "2022.12.26"]

1. e4 c6 2. d4 d5 3. e5 Bf5 4. h4 h5 5. Bd3 Bxd3 6. Qxd3 Qa5+ 7. Nd2 e6 8. Nf3
Nh6 9. O-O Nf5 10. a4 Be7 11. Nb3 Qa6 12. Qd1 Nxh4 13. Nxh4 Bxh4 14. Nc5 Qb6 15.
Ra3 Qc7 16. Rh3 Be7 17. Rxh5 Rg8 18. Qd3 Nd7 19. Nxd7 Kxd7 20. Rh7 Raf8 21. Qg3
c5 22. c3 cxd4 23. cxd4 Qc2 24. Rxg7 Rh8 25. Bg5 Rh5 26. Qf4 Rfh8 27. g4 Rh1+
28. Kg2 Rxf1 29. Rxf7 Rg1+ 30. Kxg1 Qd1+ 0-1

[Event "World Rapid 2022"]
[Site "Almaty KAZ"]
[Date "2022.12.27"]
[Round "8.58"]
[White "Pranav, V"]
[Black "Riazantsev, Alexander"]
[Result "1-0"]
[WhiteTitle "GM"]
[BlackTitle "GM"]
[WhiteElo "2545"]
[BlackElo "2626"]
[WhiteFideId "25060783"]
[BlackFideId "4125029"]
[EventDate "2022.12.26"]

1. e4 e5 2. Nf3 Nc6 3. Bb5 a6 4. Ba4 Nf6 5. O-O b5 6. Bb3 Be7 7. Re1 Bb7 8. d4
Nxd4 9. Nxd4 exd4 10. e5 Ne4 11. Qg4 c5 12. c4 Ng5 13. f4 h5 14. Qd1 Ne6 15. f5
Nc7 16. Nd2 d5 17. exd6 Qxd6 18. Ne4 Qc6 19. Bf4 O-O-O 20. cxb5 axb5 21. a4 Nd5
22. axb5 Qxb5 23. Bxd5 Rxd5 24. Rc1 Rxf5 25. Bd6 Bxe4 26. Bxe7 Bb7 27. Bxc5 Rxc5
28. Re5 Rxc1 29. Qxc1+ Qc6 30. Rc5 Rh6 31. Rxc6+ Rxc6 32. Qf4 Rc4 33. h4 Bd5 34.
b3 Rb4 1-0

[Event "World Rapid 2022"]
[Site "Almaty KAZ"]
[Date "2022.12.27"]
[Round "8.59"]
[White "Ghaem Maghami, Ehsan"]
[Black "Muradli, Mahammad"]
[Result "1/2-1/2"]
[WhiteTitle "GM"]
[BlackTitle "GM"]
[WhiteElo "2490"]
[BlackElo "2540"]
[WhiteFideId "12500739"]
[BlackFideId "13409301"]
[EventDate "2022.12.26"]

1. c4 e6 2. Nf3 Nf6 3. g3 d5 4. Bg2 dxc4 5. Qa4+ Bd7 6. Qxc4 c5 7. Ne5 Qc8 8.
O-O Nc6 9. Nxd7 Qxd7 10. b3 Be7 11. Bb2 Rc8 12. Rd1 O-O 13. e3 Rfd8 14. Qe2 Qd3
15. Qxd3 Rxd3 16. Kf1 Rd7 17. Ke2 Nb4 18. a3 Nd3 19. Bc3 b5 20. Ra2 b4 21. Bxf6
Bxf6 22. Rc2 Rb8 23. axb4 cxb4 24. Bc6 Rd6 25. Be4 Rbd8 26. Ra2 a6 27. f4 g6 28.
Bxd3 Rxd3 29. Rxa6 Rxb3 30. d4 Rc8 31. Ra2 Be7 32. Nd2 Ra3 33. Rxa3 bxa3 34. Kd3
h5 35. Nc4 Kg7 36. Ra1 Ra8 37. Kc3 Kf6 1/2-1/2

[Event "World Rapid 2022"]
[Site "Almaty KAZ"]
[Date "2022.12.27"]
[Round "8.60"]
[White "Petkov, Momchil"]
[Black "Fedorov, Alexei"]
[Result "0-1"]
[WhiteTitle "GM"]
[BlackTitle "GM"]
[WhiteElo "2531"]
[BlackElo "2475"]
[WhiteFideId "2921642"]
[BlackFideId "13500465"]
[EventDate "2022.12.26"]

1. e4 c5 2. Nf3 Nc6 3. Bb5 e6 4. O-O Nge7 5. Re1 a6 6. Bf1 b6 7. d4 cxd4 8. Nxd4
Nxd4 9. Qxd4 Nc6 10. Qc3 Qc7 11. Be3 Bd6 12. h3 Bh2+ 13. Kh1 Be5 14. Qa3 Bb7 15.
Nd2 b5 16. c3 Bd6 17. Bc5 Bxc5 18. Qxc5 d6 19. Qe3 O-O 20. a4 b4 21. cxb4 Nxb4
22. Rec1 Qd8 23. a5 Rb8 24. Qc3 Nc6 25. Nc4 d5 26. exd5 exd5 27. Nb6 d4 28. Qc5
Re8 29. Re1 Qf6 30. Kg1 Ne5 31. Nc4 Nf3+ 0-1

[Event "World Rapid 2022"]
[Site "Almaty KAZ"]
[Date "2022.12.27"]
[Round "8.61"]
[White "Zhalmakhanov, Ramazan"]
[Black "Vakhidov, Jakhongir"]
[Result "0-1"]
[WhiteTitle "IM"]
[BlackTitle "GM"]
[WhiteElo "2401"]
[BlackElo "2607"]
[WhiteFideId "13706357"]
[BlackFideId "14201801"]
[EventDate "2022.12.26"]

1. e4 c5 2. Nf3 g6 3. d4 cxd4 4. Nxd4 Bg7 5. Nc3 Nc6 6. Be3 Nf6 7. Bc4 O-O 8.
Bb3 Re8 9. f3 e6 10. Qd2 d5 11. exd5 Nxd5 12. Nxd5 Nxd4 13. Nc3 Nxb3 14. axb3
Qxd2+ 15. Kxd2 a6 16. Rhd1 Bd7 17. Ke2 Bc6 18. Bc5 Rac8 19. b4 f5 20. Rd2 Kf7
21. Kf2 Bf6 22. Rad1 h5 23. Bd4 Bh4+ 24. Ke2 Be7 25. Bc5 Bf6 26. Bd4 e5 27. Bc5
e4 28. fxe4 Bxc3 29. bxc3 Rxe4+ 30. Kf2 Rce8 31. h3 g5 32. Bd4 f4 33. c4 g4 34.
hxg4 hxg4 35. g3 f3 36. c3 R8e6 37. Kg1 Re2 38. Bf2 Ba4 39. Rxe2 fxe2 40. Ra1
Bd1 41. Be1 Bb3 42. Ra5 Rf6 43. Bf2 Bxc4 44. Re5 Rf3 45. Re4 Rxc3 46. Be1 Rc1
47. Kf2 b5 48. Rxg4 Rd1 49. Re4 Kg6 50. Re5 Rd8 51. g4 Rh8 52. Kg2 Rf8 53. Bf2
Rf6 54. Kg3 Rd6 55. Be1 Rd4 56. Rc5 Rd3+ 57. Kf2 Ra3 58. Bd2 Rh3 59. Rc6+ Kf7
60. Rh6 Rd3 61. Be1 Rd4 62. g5 Rf4+ 63. Ke3 Rf1 64. Kd2 Rf5 65. Rf6+ Rxf6 66.
gxf6 Kxf6 67. Bh4+ Ke5 68. Ke3 Kf5 69. Bf2 Kg4 70. Be1 Kf5 71. Kf3 Ke5 72. Ke3
Kd5 73. Bc3 a5 74. bxa5 Kc5 75. Be1 b4 76. Kd2 Kb5 77. Kc2 Kxa5 78. Kb2 Kb5 79.
Kc2 Kc5 80. Bf2+ Kd5 81. Be1 b3+ 82. Kc3 Ke4 83. Kd2 Kf3 84. Kc3 Kg2 85. Kd2 Kf1
86. Bh4 Bf7 87. Bg3 Bg6 88. Kc3 Bc2 89. Kd2 0-1

[Event "World Rapid 2022"]
[Site "Almaty KAZ"]
[Date "2022.12.27"]
[Round "8.62"]
[White "Lintchevski, Daniil"]
[Black "Agmanov, Zhandos"]
[Result "1-0"]
[WhiteTitle "GM"]
[BlackTitle "IM"]
[WhiteElo "2548"]
[BlackElo "2442"]
[WhiteFideId "4171055"]
[BlackFideId "13708309"]
[EventDate "2022.12.26"]

1. e4 c6 2. Nf3 d5 3. d3 dxe4 4. dxe4 Qxd1+ 5. Kxd1 Nf6 6. Nbd2 g6 7. Ne1 Bh6 8.
f3 Be6 9. c3 Nbd7 10. Nd3 O-O-O 11. Kc2 Nh5 12. g3 c5 13. b3 Kb8 14. Be2 Rc8 15.
Nb2 Nhf6 16. Bc4 Bxc4 17. Ndxc4 Bxc1 18. Raxc1 b5 19. Ne3 Ne5 20. f4 Neg4 21.
Nxg4 Nxg4 22. Rce1 Rhd8 23. h3 Nf6 24. Nd3 Nd7 25. Rd1 f6 26. Rhe1 Nb6 27. Nb2
Kc7 28. a4 bxa4 29. Nxa4 Nxa4 30. bxa4 Kc6 31. Kb3 Rd6 32. Kc4 Rcd8 33. Rd5 Rb8
34. Rxc5+ Kd7 35. e5 fxe5 36. Rexe5 e6 37. Rb5 Rc8+ 38. Rec5 Rxc5+ 39. Rxc5 a6
40. h4 Rb6 41. h5 Rb8 42. hxg6 hxg6 43. Rg5 Rg8 44. Kc5 Kc7 45. a5 Rb8 46. c4
Rg8 47. Re5 Re8 48. Re3 Re7 49. Kd4 Kc6 50. Rb3 Rd7+ 51. Ke5 Kc5 52. Kxe6 Rd6+
53. Ke5 Rc6 54. Rb1 1-0

[Event "World Rapid 2022"]
[Site "Almaty KAZ"]
[Date "2022.12.27"]
[Round "8.63"]
[White "Gurel, Ediz"]
[Black "Asadli, Vugar"]
[Result "0-1"]
[WhiteTitle "IM"]
[BlackTitle "GM"]
[WhiteElo "2454"]
[BlackElo "2567"]
[WhiteFideId "44507356"]
[BlackFideId "13405764"]
[EventDate "2022.12.26"]

1. e4 c5 2. Nf3 e6 3. d4 cxd4 4. Nxd4 Nf6 5. Nc3 Nc6 6. Ndb5 Bc5 7. Bf4 O-O 8.
Bc7 Qe7 9. Bd6 Bxd6 10. Qxd6 Qd8 11. O-O-O a6 12. Nd4 Ne7 13. h4 b5 14. Bd3 Bb7
15. a3 Rc8 16. h5 h6 17. Rh3 Ne8 18. Qf4 Qc7 19. e5 f5 20. Re1 Nf6 21. Qh4 Nfd5
22. Nxd5 Nxd5 23. Kb1 b4 24. a4 Qa5 25. b3 Nc3+ 26. Kb2 Be4 27. Bxe4 Qxe5 28.
Rd3 fxe4 29. Rd2 Rc5 30. Qe7 a5 31. Qxd7 Rd5 32. Qa7 Rfd8 33. f4 Qf6 34. g4 Rxd4
35. g5 hxg5 36. fxg5 Qe5 0-1

[Event "World Rapid 2022"]
[Site "Almaty KAZ"]
[Date "2022.12.27"]
[Round "8.64"]
[White "Uskov, Artem"]
[Black "Sychev, Klementy"]
[Result "1/2-1/2"]
[WhiteTitle "FM"]
[BlackTitle "GM"]
[WhiteElo "2376"]
[BlackElo "2556"]
[WhiteFideId "34254854"]
[BlackFideId "4114060"]
[EventDate "2022.12.26"]

1. e4 e5 2. Nf3 Nc6 3. Bb5 a6 4. Ba4 Nge7 5. O-O Ng6 6. c3 d5 7. exd5 Qxd5 8. d4
Bg4 9. dxe5 Qxd1 10. Rxd1 Bxf3 11. gxf3 Nxe5 12. Bf4 b5 13. Bb3 Bd6 14. Bd5
O-O-O 15. Nd2 Ne7 16. Bb3 f5 17. Bxe5 Bxe5 18. a4 Kb7 19. Bc2 g6 20. Nb3 Rxd1+
21. Rxd1 Bd6 22. axb5 axb5 23. Bd3 Kb6 24. c4 bxc4 25. Bxc4 Ra8 26. Be2 Nc6 27.
Nd2 Bf4 28. Nc4+ Kc5 29. Rd7 Rd8 30. Rxh7 Nd4 31. Bf1 Nxf3+ 32. Kg2 Ne1+ 33. Kh3
g5 34. Ne3 Rg8 35. Be2 g4+ 36. Kh4 Bxe3 37. fxe3 Ng2+ 38. Kg3 Nxe3 39. Rxc7+ Kd6
40. Ra7 Rh8 41. Kf4 Rh3 42. Ra3 Nd5+ 43. Kxf5 Rxh2 44. Bxg4 1/2-1/2

[Event "World Rapid 2022"]
[Site "Almaty KAZ"]
[Date "2022.12.27"]
[Round "8.65"]
[White "Kadric, Denis"]
[Black "Gadimbayli, Abdulla"]
[Result "0-1"]
[WhiteTitle "GM"]
[BlackTitle "GM"]
[WhiteElo "2584"]
[BlackElo "2524"]
[WhiteFideId "14403803"]
[BlackFideId "13404938"]
[EventDate "2022.12.26"]

1. e4 e6 2. d3 d5 3. Nd2 Nf6 4. e5 Nfd7 5. f4 c5 6. Ndf3 Nc6 7. g3 b5 8. Bg2 Bb7
9. Nh3 Be7 10. O-O h6 11. Qe2 Qc7 12. f5 Ndxe5 13. fxe6 O-O 14. Nf4 Nxf3+ 15.
Qxf3 fxe6 16. Qg4 Qe5 17. Bd2 Bc8 18. c3 Bg5 19. Rae1 Qd6 20. Qh5 Bd7 21. h4
Bxf4 22. Bxf4 e5 23. Bxe5 Rxf1+ 24. Kxf1 Rf8+ 25. Kg1 Qe6 26. Re3 Rf5 27. Bh3
Rxh5 28. Bxe6+ Bxe6 29. Bxg7 Bf7 30. Bf6 Rf5 0-1

[Event "World Rapid 2022"]
[Site "Almaty KAZ"]
[Date "2022.12.27"]
[Round "8.66"]
[White "Zverev, Lev"]
[Black "Vokhidov, Shamsiddin"]
[Result "0-1"]
[WhiteTitle "FM"]
[BlackTitle "GM"]
[WhiteElo "2310"]
[BlackElo "2579"]
[WhiteFideId "24250775"]
[BlackFideId "14204223"]
[EventDate "2022.12.26"]

1. e4 c5 2. Nf3 d6 3. d4 cxd4 4. Nxd4 Nf6 5. f3 e5 6. Nb3 d5 7. Bg5 d4 8. c3 h6
9. Bxf6 Qxf6 10. cxd4 Bb4+ 11. Nc3 O-O 12. a3 exd4 13. Qxd4 Bxc3+ 14. bxc3 Qg6
15. Bc4 Nc6 16. Qf2 Be6 17. Bxe6 Qxe6 18. Nd4 Qc4 19. Ne2 f5 20. e5 Nxe5 21. O-O
Rae8 22. Ng3 b6 23. Qd4 g6 24. Rfe1 Qxd4+ 25. cxd4 Nc4 26. Rec1 Rc8 27. Ne2 Kf7
28. Kf2 Nb2 29. Kf1 Rfd8 30. Rcb1 Nc4 31. Rc1 g5 32. Ra2 Ne3+ 33. Kf2 Rxc1 34.
Nxc1 Nd1+ 35. Ke1 Rxd4 36. Ne2 Rd5 37. Rc2 Ne3 38. Rc7+ Ke6 39. g3 Ra5 40. Rc6+
Kf7 41. Rxh6 Rxa3 42. Nd4 Ra2 43. Nc6 b5 44. Rh7+ Kg6 45. Rb7 a6 46. Ne7+ Kf6
47. Ng8+ Ke5 48. Re7+ Kd4 49. Rd7+ Kc3 50. Re7 f4 51. gxf4 gxf4 52. Nf6 Rxh2 53.
Ne4+ Kb4 54. Nf2 Kb3 55. Nd3 a5 56. Rb7 b4 57. Ra7 Kc3 58. Nf2 Rxf2 59. Rc7+ Nc4
60. Kxf2 b3 61. Ke2 b2 62. Rg7 b1=Q 63. Rg1 Qc2+ 64. Ke1 Qd2+ 0-1

[Event "World Rapid 2022"]
[Site "Almaty KAZ"]
[Date "2022.12.27"]
[Round "8.67"]
[White "Ansat, Aldiyar"]
[Black "Petrov, Nikita"]
[Result "1/2-1/2"]
[WhiteTitle "IM"]
[BlackTitle "GM"]
[WhiteElo "2291"]
[BlackElo "2537"]
[WhiteFideId "13715658"]
[BlackFideId "4101286"]
[EventDate "2022.12.26"]

1. e4 c5 2. Nf3 e6 3. d4 cxd4 4. Nxd4 Nc6 5. Nc3 Qc7 6. Qd3 Nf6 7. Ndb5 Qb8 8.
Qg3 d6 9. Be3 a6 10. Nd4 h5 11. f3 h4 12. Qf2 Be7 13. O-O-O Bd7 14. Bc4 Na5 15.
Bb3 b5 16. g4 b4 17. Na4 Nxb3+ 18. axb3 g6 19. g5 Nh5 20. Qxh4 Qc7 21. Kb1 Rc8
22. Rd2 Qa5 23. f4 e5 24. Ne2 Bxa4 25. bxa4 Qxa4 26. f5 b3 27. cxb3 Qxb3 28. Qf2
O-O 29. Rc1 Rxc1+ 30. Nxc1 Qc4 31. Qg2 Rc8 32. Rc2 Qxc2+ 33. Qxc2 Rxc2 34. Kxc2
gxf5 35. exf5 f6 36. gxf6 Bxf6 37. Nd3 Ng7 38. Bb6 Nxf5 39. Nb4 Kf7 40. Nxa6 d5
41. b4 Nd6 42. Nc7 d4 43. Bc5 Ne4 44. Kd3 Nf2+ 45. Ke2 Ne4 46. Kd3 Nc3 47. Kc4
Na4 48. Nd5 Bd8 49. Bxd4 exd4 50. Kxd4 Ke6 51. b5 Kd6 52. Nf4 Nb6 53. Ke4 Na4
54. Kf5 Nc3 55. Ng6 Nxb5 56. h4 Nd4+ 57. Ke4 Ne2 58. Kf3 Nd4+ 59. Ke4 Ne6 60. h5
Bg5 61. Ne5 Ke7 62. Kf5 Bc1 63. Ng6+ Kd6 64. Kf6 Bh6 65. Kf5 Ng7+ 66. Kg4 Ke6
67. Nf4+ Ke5 68. Nd3+ Kf6 69. Nc5 Ke7 70. Ne4 Ke6 71. Nc5+ Kf6 72. Ne4+ Ke5 73.
Ng5 Kf6 74. Ne4+ Ke7 75. Ng5 Ke8 76. Ne4 Kf7 77. Ng5+ Ke7 78. Ne4 Bc1 79. Ng5
Nxh5 80. Kxh5 Bxg5 81. Kxg5 1/2-1/2